000 01580cam a2200349 a 4500
001 EDZ0000104817
003 StDuBDS
005 20161031105212.0
006 m||||||||d||||||||
007 cr |||||||||||
008 121017s2011 cau fo| 001|0|eng d
020 _a9781452275284 (ebook) :
_cNo price
040 _aStDuBDS
_beng
_cStDuBDS
_epn
049 _aAlfaisal Main Library
050 0 _aKF4175
_b.O82 2011
082 0 4 _a344.73078
_223
100 1 _aOsborne, Allan G.,
_cJr.,
_d1951-
245 1 4 _aThe legal rights and responsibilities of teachers
_h[electronic resource] :
_bissues of employment and instruction /
_cAllan G. Osborne, Jr., and Charles J. Russo.
260 _aThousand Oaks, Calif. :
_bCorwin,
_cc2011.
300 _a1 online resource (xx, 330 p.)
520 8 _aMost teacher education programmes offer little, if any instruction on education law. In light of this dearth of information about law, this book is designed as an easy-to-read practical manual that addresses the key legal issues that teachers confront on a daily basis.
521 _aSpecialized.
588 _aDescription based on print version record.
504 _aIncludes bibliographical references and index.
650 0 _aTeachers
_xLegal status, laws, etc.
_zUnited States.
655 7 _aElectronic books.
_2local
700 1 _aRusso, Charles J.
710 2 _aSage eBooks
776 0 8 _iPrint version :
_z9781412975469
856 4 0 _uhttp://ezproxy.alfaisal.edu/login?url=http://sk.sagepub.com/books/the-legal-rights-and-responsibilities-of-teachers
942 _2lcc
_cEBOOKS
999 _c481573
_d481573